Relativity for Scientists and Engineers (Record no. 327096)
[ view plain ]
| 000 -LEADER | |
|---|---|
| fixed length control field | 00359 a2200145 4500 |
| 001 - CONTROL NUMBER | |
| control field | 92023 |
| 082 ## - DEWEY DECIMAL CLASSIFICATION NUMBER | |
| Classification number | 530.11 SKI |
| 090 ## - LOCALLY ASSIGNED LC-TYPE CALL NUMBER (OCLC); LOCAL CALL NUMBER (RLIN) | |
| -- | 43980 |
| -- | 43979 |
| 100 ## - MAIN ENTRY--PERSONAL NAME | |
| Personal name | Ray Skinner |
| 245 ## - TITLE STATEMENT | |
| Title | Relativity for Scientists and Engineers |
| Statement of responsibility, etc. | Skinner, Ray |
| 250 ## - EDITION STATEMENT | |
| Edition statement | 1 |
| 260 ## - PUBLICATION, DISTRIBUTION, ETC. | |
| Place of publication, distribution, etc. | USA |
| Name of publisher, distributor, etc. | Dover Publication |
| Date of publication, distribution, etc. | 2014 |
| 300 ## - PHYSICAL DESCRIPTION | |
| Extent | xiv,355p. |
| Other physical details | Pb |
| 500 ## - GENERAL NOTE | |
| General note | Reference book |
| 942 ## - ADDED ENTRY ELEMENTS (KOHA) | |
| Institution code [OBSOLETE] | CAE NUST |
| Call number prefix | 530.11 SKI |
| Withdrawn status | Lost status | Damaged status | Not for loan | Collection code | Permanent Location | Current Location | Date acquired | Total Checkouts | Full call number | Barcode | Date last seen | Price effective from | Koha item type |
|---|---|---|---|---|---|---|---|---|---|---|---|---|---|
| College of Aeronautical Engineering (CAE) | College of Aeronautical Engineering (CAE) | 04/03/2017 | 530.11 SKI | CAE88425 | 04/05/2017 | 04/05/2017 | Book |
